Albums-Songs (Lady Gaga) pt.3 - Statistics

General Stats
  • This quiz has been taken 11 times
  • The average score is 9 of 26
Answer Stats
Hint Answer % Correct
Album Title Joanne
100%
3 Joanne
100%
4 John Wayne
90%
2 A-YO
80%
1 Diamond Heart
80%
6 Perfect Illusion
70%
9 Come To Mama
60%
5 Dancin' In Circles
60%
7 Million Reasons
60%
11 Angel Down
50%
10 Hey Girl
50%
8 Sinner's Prayer
40%
5 Always Remember Us This Way
10%
Album Title A Star Is Born Soundtrack
10%
12 Hair Body Face
10%
14 I'll Never Love Again
10%
1 La Vie En Rose
10%
6 Look What I Found
10%
2 Shallow
10%
11 Why Did You Do That?
10%
13 Before I Cry
0%
4 Diggin' My Grave
0%
7 Heal Me
0%
8 I Don't Know What Love Is
0%
10 Is That Alright?
0%
3 Music To My Eyes
0%
No matching quizzes found
Score Distribution
Percent of People with Each Score
Percentile by Number Answered
Your Score History
You have not taken this quiz